000 01076nam a22003017a 4500
001 BR2019000625
003 BR-BrBNA
005 20230928105421.0
007 ta
008 230509b bl.||||| |||| 00| 0 por d
020 _a978-85-60548-22-4
040 _aBR-BrBNA
_bpor
_cBiblioteca Nacional de Agricultura
041 _a(Por)
072 _aE12
090 _ E12 BR2019000625
110 1 _aMinistério do Desenvolvimento Agrário, Brasília, DF (Brasil). Núcleo de Estudos Agrários e Desenvolvimento Rural
_97481
110 1 _aDepartamento Intersindical de Estatística e Estudos Socioeconômcios, São Paulo, SP (Brasil)
245 1 _aEstudo sobre as convenções coletivas da categoria canavieira: São Paulo, Pernambuco e Goiás; 1989-2005
_bSérie Nead estudos; 17
260 3 _aBrasília, DF (Brasil):
_c2007.
300 _a88 p.
500 _aGlossary p. 79-87; 4 ref.; 79 tables
650 _aTRABALHADOR RURAL
650 _aOCUPAÇÃO
650 _aSINDICATO
650 _aCANA DE AÇÚCAR
909 _a202309
_bLucia
_c55
_dLucia Elande
942 _cBK
999 _c85049
_d85049